000 00547nam a2200181 a 4500
001 000042362
005 20201002040114.0
008 131127s1969 sp 000 0 spa d
040 _aDO-SdBNP
_bspa
_cBNPHU
082 _axxxxx
_bxxxxx
100 1 _aKott, Jan
_969436
245 1 0 _aApuntes Sobre Shakespeare /
_cJan Kott ; traducción Jadwija Maurizio.
260 _aBarcelona, :
_bSeix Barral,
_c1969.
300 _a419 p. ;
_c20 cm.
490 1 _aBiblioteca breve
700 1 _aMaurizio, Jadwija,
_etr.
_969437
830 0 _aBiblioteca breve
_913442
999 _c41851
_d41851